<?xml version="1.0" encoding="UTF-8"?>
<record
    xmlns:xsi="http://www.w3.org/2001/XMLSchema-instance"
    xsi:schemaLocation="http://www.loc.gov/MARC21/slim http://www.loc.gov/standards/marcxml/schema/MARC21slim.xsd"
    xmlns="http://www.loc.gov/MARC21/slim">

  <leader>00880nam a22002417a 4500</leader>
  <datafield tag="999" ind1=" " ind2=" ">
    <subfield code="c">102171</subfield>
    <subfield code="d">102171</subfield>
  </datafield>
  <controlfield tag="005">20221226120305.0</controlfield>
  <datafield tag="010" ind1=" " ind2=" ">
    <subfield code="a">1617EN  ENG-117021  ENG-135941</subfield>
  </datafield>
  <datafield tag="020" ind1=" " ind2=" ">
    <subfield code="a">9780670088225</subfield>
    <subfield code="c">699.00</subfield>
  </datafield>
  <datafield tag="035" ind1=" " ind2=" ">
    <subfield code="a">B-648121-126</subfield>
  </datafield>
  <datafield tag="035" ind1=" " ind2=" ">
    <subfield code="a">EN-100553</subfield>
  </datafield>
  <datafield tag="035" ind1=" " ind2=" ">
    <subfield code="a">EN-119473</subfield>
  </datafield>
  <datafield tag="037" ind1=" " ind2=" ">
    <subfield code="a">DPL</subfield>
    <subfield code="b">Pancy Books</subfield>
  </datafield>
  <datafield tag="037" ind1=" " ind2=" ">
    <subfield code="b">DBAD/PUB</subfield>
  </datafield>
  <datafield tag="082" ind1=" " ind2=" ">
    <subfield code="a">920</subfield>
  </datafield>
  <datafield tag="100" ind1=" " ind2=" ">
    <subfield code="a">Sitapati, Vinay</subfield>
  </datafield>
  <datafield tag="245" ind1=" " ind2=" ">
    <subfield code="a">Half lion:</subfield>
    <subfield code="c">by Vinay Sitapati</subfield>
    <subfield code="b">how P.V.Narasimha Rao transformed India /</subfield>
  </datafield>
  <datafield tag="260" ind1=" " ind2=" ">
    <subfield code="a">Gurgaon</subfield>
    <subfield code="b">Penguin Books</subfield>
    <subfield code="c">2016</subfield>
  </datafield>
  <datafield tag="270" ind1=" " ind2=" ">
    <subfield code="a">7th floor, infinity Toer C, DLF Cyber City</subfield>
    <subfield code="b">Gurgaon (Haryana)</subfield>
    <subfield code="e">122002</subfield>
  </datafield>
  <datafield tag="300" ind1=" " ind2=" ">
    <subfield code="a">391p.</subfield>
    <subfield code="c">24cm(Hb)</subfield>
  </datafield>
  <datafield tag="500" ind1=" " ind2=" ">
    <subfield code="a">Includes notes and index</subfield>
  </datafield>
  <datafield tag="942" ind1=" " ind2=" ">
    <subfield code="2">ddc</subfield>
    <subfield code="c">EN</subfield>
    <subfield code="h">920</subfield>
    <subfield code="m">VIN</subfield>
  </datafield>
  <datafield tag="952" ind1=" " ind2=" ">
    <subfield code="0">0</subfield>
    <subfield code="1">0</subfield>
    <subfield code="4">0</subfield>
    <subfield code="7">1</subfield>
    <subfield code="8">NFIC</subfield>
    <subfield code="a">DBAD</subfield>
    <subfield code="b">BN</subfield>
    <subfield code="d">2017-01-06</subfield>
    <subfield code="e">DBAD/PUB</subfield>
    <subfield code="g">699.00</subfield>
    <subfield code="l">0</subfield>
    <subfield code="o">920 VIN</subfield>
    <subfield code="p">EN-100553</subfield>
    <subfield code="r">2017-01-06 00:00:00</subfield>
    <subfield code="t">1</subfield>
    <subfield code="v">699.00</subfield>
    <subfield code="y">EN</subfield>
  </datafield>
  <datafield tag="952" ind1=" " ind2=" ">
    <subfield code="0">0</subfield>
    <subfield code="1">0</subfield>
    <subfield code="4">0</subfield>
    <subfield code="7">0</subfield>
    <subfield code="8">NFIC</subfield>
    <subfield code="a">L</subfield>
    <subfield code="b">L</subfield>
    <subfield code="d">2017-02-23</subfield>
    <subfield code="e">BPPD/EN/2016-17/298/24.11.2016/1606/28.11.2016/2.1.2017</subfield>
    <subfield code="g">699.00</subfield>
    <subfield code="l">13</subfield>
    <subfield code="m">8</subfield>
    <subfield code="o">920 VIN</subfield>
    <subfield code="p">B-648121</subfield>
    <subfield code="r">2025-05-26 00:00:00</subfield>
    <subfield code="s">2025-05-01</subfield>
    <subfield code="t">1</subfield>
    <subfield code="v">699.00</subfield>
    <subfield code="y">EN</subfield>
  </datafield>
  <datafield tag="952" ind1=" " ind2=" ">
    <subfield code="0">0</subfield>
    <subfield code="1">0</subfield>
    <subfield code="4">0</subfield>
    <subfield code="7">0</subfield>
    <subfield code="8">NFIC</subfield>
    <subfield code="a">BL1</subfield>
    <subfield code="b">BL1</subfield>
    <subfield code="d">2017-02-23</subfield>
    <subfield code="e">BPPD/EN/2016-17/298/24.11.2016/1606/28.11.2016/2.1.2017</subfield>
    <subfield code="g">699.00</subfield>
    <subfield code="l">2</subfield>
    <subfield code="m">3</subfield>
    <subfield code="o">920 VIN</subfield>
    <subfield code="p">B-648122</subfield>
    <subfield code="r">2023-07-07 00:00:00</subfield>
    <subfield code="s">2023-05-25</subfield>
    <subfield code="t">1</subfield>
    <subfield code="v">699.00</subfield>
    <subfield code="y">EN</subfield>
  </datafield>
  <datafield tag="952" ind1=" " ind2=" ">
    <subfield code="0">0</subfield>
    <subfield code="1">0</subfield>
    <subfield code="4">0</subfield>
    <subfield code="7">0</subfield>
    <subfield code="8">NFIC</subfield>
    <subfield code="a">KGM</subfield>
    <subfield code="b">KGM</subfield>
    <subfield code="d">2017-02-23</subfield>
    <subfield code="e">BPPD/EN/2016-17/298/24.11.2016/1606/28.11.2016/2.1.2017</subfield>
    <subfield code="g">699.00</subfield>
    <subfield code="l">0</subfield>
    <subfield code="o">920 VIN</subfield>
    <subfield code="p">B-648123</subfield>
    <subfield code="r">2017-02-23 00:00:00</subfield>
    <subfield code="t">1</subfield>
    <subfield code="v">699.00</subfield>
    <subfield code="y">EN</subfield>
  </datafield>
  <datafield tag="952" ind1=" " ind2=" ">
    <subfield code="0">0</subfield>
    <subfield code="1">0</subfield>
    <subfield code="4">0</subfield>
    <subfield code="7">0</subfield>
    <subfield code="8">NFIC</subfield>
    <subfield code="a">JP</subfield>
    <subfield code="b">JP</subfield>
    <subfield code="d">2017-02-23</subfield>
    <subfield code="e">BPPD/EN/2016-17/298/24.11.2016/1606/28.11.2016/2.1.2017</subfield>
    <subfield code="g">699.00</subfield>
    <subfield code="l">5</subfield>
    <subfield code="o">920 VIN</subfield>
    <subfield code="p">B-648124</subfield>
    <subfield code="r">2024-12-16 00:00:00</subfield>
    <subfield code="s">2024-12-02</subfield>
    <subfield code="t">1</subfield>
    <subfield code="v">699.00</subfield>
    <subfield code="y">EN</subfield>
  </datafield>
  <datafield tag="952" ind1=" " ind2=" ">
    <subfield code="0">4</subfield>
    <subfield code="1">0</subfield>
    <subfield code="4">0</subfield>
    <subfield code="7">0</subfield>
    <subfield code="8">NFIC</subfield>
    <subfield code="a">BL3</subfield>
    <subfield code="b">BL3</subfield>
    <subfield code="d">2017-02-23</subfield>
    <subfield code="e">BPPD/EN/2016-17/298/24.11.2016/1606/28.11.2016/2.1.2017</subfield>
    <subfield code="g">699.00</subfield>
    <subfield code="l">0</subfield>
    <subfield code="o">920 VIN</subfield>
    <subfield code="p">B-648125</subfield>
    <subfield code="r">2017-02-23 00:00:00</subfield>
    <subfield code="t">1</subfield>
    <subfield code="v">699.00</subfield>
    <subfield code="y">EN</subfield>
    <subfield code="z">Written off on approval by DLB (By Circulation); dtd 20.12.2022</subfield>
  </datafield>
  <datafield tag="952" ind1=" " ind2=" ">
    <subfield code="0">0</subfield>
    <subfield code="1">0</subfield>
    <subfield code="4">0</subfield>
    <subfield code="7">0</subfield>
    <subfield code="8">NFIC</subfield>
    <subfield code="a">BL4</subfield>
    <subfield code="b">BL4</subfield>
    <subfield code="d">2017-02-23</subfield>
    <subfield code="e">BPPD/EN/2016-17/298/24.11.2016/1606/28.11.2016/2.1.2017</subfield>
    <subfield code="g">699.00</subfield>
    <subfield code="l">5</subfield>
    <subfield code="m">5</subfield>
    <subfield code="o">920 VIN</subfield>
    <subfield code="p">B-648126</subfield>
    <subfield code="r">2023-04-15 00:00:00</subfield>
    <subfield code="s">2023-04-03</subfield>
    <subfield code="t">1</subfield>
    <subfield code="v">699.00</subfield>
    <subfield code="y">EN</subfield>
  </datafield>
  <datafield tag="952" ind1=" " ind2=" ">
    <subfield code="0">0</subfield>
    <subfield code="1">0</subfield>
    <subfield code="4">0</subfield>
    <subfield code="7">0</subfield>
    <subfield code="8">NFIC</subfield>
    <subfield code="a">BN</subfield>
    <subfield code="b">BN</subfield>
    <subfield code="d">2022-12-26</subfield>
    <subfield code="e">DBAD/PUB</subfield>
    <subfield code="g">699.00</subfield>
    <subfield code="l">1</subfield>
    <subfield code="m">1</subfield>
    <subfield code="o">920 VIN</subfield>
    <subfield code="p">EN-119473</subfield>
    <subfield code="r">2025-11-07 00:00:00</subfield>
    <subfield code="s">2025-10-04</subfield>
    <subfield code="t">1</subfield>
    <subfield code="v">699.00</subfield>
    <subfield code="y">EN</subfield>
  </datafield>
</record>
